Perselisihan dalam hukum feqah

Bibliographic Details
Main Author: Ashqar, Umar Sulayman (Author)
Format: Book
Published: Kuala Lumpur : Jasmin Enterprise , c2001
Subjects:

MARC

LEADER 00000cam a2200000 7i4500
001 0000039721
005 20120830093000.0
020 |a 9832087406 
090 0 0 |a d40 K619   |b .A7412 
100 0 |a Ashqar, Umar Sulayman ,   |e author 
245 1 0 |a Perselisihan dalam hukum feqah   |c Umar Sulaiman Al-Asyqar; terjemahan Zayuki 
260 |a Kuala Lumpur :   |b Jasmin Enterprise ,   |c c2001 
300 |a 126 p. ;   |c 21 cm. 
650 0 |a Islamic law   |x Interpretation and construction 
999 |a 1000087482   |b Book   |c Open Shelf (7 days)   |e Gong Badak Campus